BUSINESS ANALYSIS USING REGRESSION A CAS (Record no. 30837)
[ view plain ]
| 000 -LEADER | |
|---|---|
| fixed length control field | 00320nam a2200133Ia 4500 |
| 008 - FIXED-LENGTH DATA ELEMENTS--GENERAL INFORMATION | |
| fixed length control field | 240624s9999 xx 000 0 und d |
| 041 ## - LANGUAGE CODE | |
| Language code of text/sound track or separate title | eng |
| 082 ## - DEWEY DECIMAL CLASSIFICATION NUMBER | |
| Classification number | 300.1 FOS |
| 100 ## - MAIN ENTRY--PERSONAL NAME | |
| Personal name | STINE ROBERT A |
| 245 ## - TITLE STATEMENT | |
| Title | BUSINESS ANALYSIS USING REGRESSION A CAS |
| 260 ## - PUBLICATION, DISTRIBUTION, ETC. | |
| Date of publication, distribution, etc. | 1998 |
| Name of publisher, distributor, etc. | Springer |
| 300 ## - PHYSICAL DESCRIPTION | |
| Extent | 348 p. |
| 365 ## - TRADE PRICE | |
| Currency code | ERU |
| Price amount | 30 |
| Withdrawn status | Lost status | Damaged status | Not for loan | Home library | Current library | Shelving location | Date acquired | Cost, normal purchase price | Full call number | Barcode | Date last seen | Copy number | Price effective from | Koha item type |
|---|---|---|---|---|---|---|---|---|---|---|---|---|---|---|
| IMTN | IMTN | Rack 4-A | 07/09/2018 | 51.95 | 300.1 FOS | 30837 | 06/24/2024 | 82.7 | 06/24/2024 | Books |